=LDR 00000nam 2200000 4500 =001 INLIS000000000018149 =005 20130612113330 =008 ***********************************Ind** =035 ##$$0010-061300000018149 =041 ##$$a Ind =082 ##$$a 664.805 655 =090 ##$$a 664.805 655, Sar m =100 ##$$a Sarwono, B =245 ##$$a Membuat tempe dan oncom, oleh B. Sarwono =260 ##$$a 1988 $b Jakarta =300 ##$$a 24 hlm., ilus, 18 cm =650 ##$$a Tempe dan Oncom =850 ##$$a NBPNMAT